Higiene de la edad escolar o Paidocultura / (Record no. 132179)

MARC details
000 -LEADER
campo de control de longitud fija 00837nam a2200217 i 4500
001 - NÚMERO DE CONTROL
campo de control 132179
003 - IDENTIFICADOR DE NÚMERO DE CONTROL
campo de control ES-MaACL
005 - FECHA Y HORA DE LA ÚLTIMA TRANSACCIÓN
campo de control 20250829124027.0
007 - CAMPO FIJO DE DESCRIPCIÓN FÍSICA--INFORMACIÓN GENERAL
campo de control de longitud fija t|
008 - DATOS DE LONGITUD FIJA--INFORMACIÓN GENERAL
campo de control de longitud fija 070214s1946 sp af |||| | spa d
100 1# - ENTRADA PRINCIPAL--NOMBRE DE PERSONA
Nombre de persona Rodríguez Vicente, A.
9 (RLIN) 98853
245 10 - MENCIÓN DEL TÍTULO
Título Higiene de la edad escolar o Paidocultura /
Mención de responsabilidad, etc. por el Dr. A. Vicente Rodríguez ; prólogo del Dr. C. Sáinz de los Terreros.
246 30 - FORMA VARIANTE DEL TITULO
Título propio/Titulo breve Paidocultura
260 ## - PUBLICACIÓN, DISTRIBUCIÓN, ETC.
Lugar de publicación, distribución, etc. Madrid :
Nombre del editor, distribuidor, etc. Consejo Superior de Investigaciones Científicas, Instituto de Pedagogía San José de Calasanz,
Fecha de publicación, distribución, etc. 1946.
300 ## - DESCRIPCIÓN FÍSICA
Extensión 583 p., [1] h. pleg. de lám. :
Otras características físicas il. ;
Dimensiones 25 cm.
650 #4 - PUNTO DE ACCESO ADICIONAL DE MATERIA--TÉRMINO DE MATERIA
Término de materia o nombre geográfico como elemento de entrada Higiene escolar.
9 (RLIN) 147625
700 1# - ENTRADA AGREGADA--NOMBRE PERSONAL
Nombre de persona Sainz de los Terreros, Carlos.
9 (RLIN) 101587
710 2# - ENTRADA AGREGADA--NOMBRE DE ENTIDAD CORPORATIVA
Nombre de entidad corporativa o nombre de jurisdicción como elemento de entrada Instituto San José de Calasanz de Pedagogía
9 (RLIN) 163009
852 ## - LOCALIZACIÓN
Ubicación ES-MaACL
Número de control de estantería E-2298
Holdings
Estatus retirado Estado de pérdida Estado de daño No para préstamo Biblioteca de origen Biblioteca actual Ubicación en estantería Fecha de adquisición Fuente de adquisición Total de préstamos Signatura topográfica completa Código de barras Visto por última vez Precio de reemplazo Tipo de ítem Koha
        Biblioteca del Ateneo de Madrid Biblioteca del Ateneo de Madrid Depósito 2 17/01/2008     E-2298 1137612 23/02/2023 23/02/2023 Libro impreso